[Event "Solingen-ch 2016"]
[Site "Solingen"]
[Date "2016.09.23"]
[Round "2.15"]
[White "Bashylina, Luisa"]
[Black "Wallrodt, Samuel"]
[Result "1-0"]
[WhiteElo "1561"]
[BlackElo "921"]
[PlyCount "113"]
[EventDate "2016.??.??"]
[WhiteTeam "SG Solingen"]
[BlackTeam "SG Solingen"]

1. e4 e5 2. Nf3 Nc6 3. d4 d6 4. dxe5 dxe5 5. Qxd8+ Nxd8 6. Nxe5 Bb4+ 7. Bd2
Bxd2+ 8. Nxd2 f6 9. Nef3 Ne7 10. Bc4 Be6 11. O-O-O O-O 12. Nd4 Bxc4 13. Nxc4 c5
14. Nb3 b5 15. Ne3 c4 16. Nd4 a6 17. f4 Rc8 18. Rhf1 c3 19. b3 Ng6 20. Nd5 Re8
21. Rde1 Nh4 22. g3 Ng6 23. Re3 Nb7 24. Nxc3 Nd6 25. Rfe1 a5 26. Ncxb5 Nxb5 27.
Nxb5 Rc5 28. Nd4 Rec8 29. Kb2 Nf8 30. Rd1 Rd8 31. Red3 Rcc8 32. Nf3 Rxd3 33.
Rxd3 Ne6 34. Rd5 Nc7 35. Rxa5 Rf8 36. a4 Na8 37. Rc5 Nb6 38. a5 Nd7 39. Rd5 Nb8
40. b4 Nc6 41. Rb5 Na7 42. Rb7 Nc8 43. a6 Nd6 44. Re7 Nc8 45. Re6 Kf7 46. Rc6
h6 47. b5 Ne7 48. Rc7 Rb8 49. Rb7 Rxb7 50. axb7 Kg6 51. Nh4+ Kh7 52. b8=Q Ng8
53. Qe8 Kh8 54. Ng6+ Kh7 55. Nf8+ Kh8 56. Qg6 Ne7 57. Qh7# 1-0

[Event "Solingen-ch 2016"]
[Site "Solingen"]
[Date "2016.10.07"]
[Round "3.1"]
[White "Kniest, Oliver"]
[Black "Speck, Stefan"]
[Result "1-0"]
[WhiteElo "2295"]
[BlackElo "1995"]
[PlyCount "47"]
[EventDate "2016.??.??"]
[WhiteTeam "SG Solingen"]
[BlackTeam "SC Solingen 28"]

1. c4 c5 2. Nf3 Nf6 3. Nc3 Nc6 4. d4 cxd4 5. Nxd4 g6 6. e4 Bg7 7. Be3 O-O 8.
Be2 Nxd4 9. Bxd4 d6 10. O-O b6 11. Qd2 Bb7 12. f3 Nh5 13. Be3 f5 14. exf5 gxf5
15. Bd3 f4 16. Bf2 e5 17. Be4 Qe7 18. Bxb7 Qxb7 19. Qxd6 Rad8 20. Qe6+ Kh8 21.
Rad1 Rfe8 22. Qf5 Nf6 23. Bh4 Qf7 24. Ne4 1-0

[Event "Solingen-ch 2016"]
[Site "Solingen"]
[Date "2016.10.07"]
[Round "3.2"]
[White "Kesseler, Heiko"]
[Black "Lux, Andreas"]
[Result "1-0"]
[WhiteElo "2100"]
[BlackElo "1857"]
[PlyCount "119"]
[EventDate "2016.??.??"]
[WhiteTeam "Düsseldorfer SK"]
[BlackTeam "vereinslos"]

1. e4 c5 2. Nc3 d6 3. f4 Nc6 4. Nf3 g6 5. Bc4 Bg7 6. d3 e6 7. Be3 Nge7 8. d4
cxd4 9. Nxd4 a6 10. a4 O-O 11. Nf3 Qa5 12. Qd2 b5 13. Bb3 b4 14. Nd1 Rd8 15.
Qf2 Rb8 16. g4 e5 17. Ng5 d5 18. f5 f6 19. exd5 Nxd5 20. Ne4 gxf5 21. gxf5 Kh8
22. Rg1 Nxe3 23. Nxe3 Nd4 24. Qg3 Rb7 25. O-O-O Ne2+ 26. Kb1 Nxg3 27. Nc4 Rxd1+
28. Rxd1 Qc7 29. hxg3 Bxf5 30. Ned6 Bg6 31. Nxb7 Bf8 32. Nd8 Be7 33. Ne6 Qc6
34. Na5 Qe8 35. Nb7 Qc6 36. Nbd8 Bxd8 37. Rxd8+ Be8 38. Bd5 Qxa4 39. Nc7 Kg7
40. Rxe8 Qd7 41. Rb8 Kh6 42. Rb7 Qg4 43. Bb3 Qxg3 44. Nd5 Qe1+ 45. Ka2 Kg5 46.
Rg7+ Kf5 47. Ne7+ Ke4 48. Rg4+ Kf3 49. Rg7 h5 50. Rf7 h4 51. Rxf6+ Kg4 52. Be6+
Kg3 53. Nf5+ Kg2 54. Bd5+ Kh3 55. Rh6 Kg4 56. Nxh4 e4 57. Re6 e3 58. Re4+ Kg3
59. Rxe3+ Qxe3 60. Nf5+ 1-0

[Event "Solingen-ch 2016"]
[Site "Solingen"]
[Date "2016.10.07"]
[Round "3.3"]
[White "Boschek, Dr. Hans-Joachim"]
[Black "Flesch, Dr. Stefan"]
[Result "0-1"]
[WhiteElo "1948"]
[BlackElo "2057"]
[PlyCount "56"]
[EventDate "2016.??.??"]
[WhiteTeam "SG Solingen"]
[BlackTeam "SG Solingen"]

1. c4 g6 2. Nc3 Bg7 3. d4 d6 4. Nf3 Nd7 5. g3 e5 6. dxe5 dxe5 7. Bg2 Ne7 8. O-O
O-O 9. e4 c6 10. Bg5 h6 11. Be3 Kh7 12. Qc2 f5 13. Rad1 Qe8 14. Nh4 f4 15. gxf4
exf4 16. Bd4 Ne5 17. Bxe5 Bxe5 18. Rd3 Be6 19. Ne2 Qf7 20. b3 g5 21. Nf3 Ng6
22. Ned4 g4 23. Nxe6 Qxe6 24. Nxe5 Nxe5 25. Rd2 f3 26. Bh1 Rad8 27. Rfd1 Rxd2
28. Qxd2 Rf7 0-1

[Event "Solingen-ch 2016"]
[Site "Solingen"]
[Date "2016.10.07"]
[Round "3.4"]
[White "Zolfagharian, Kevin"]
[Black "Borchert, Stephan"]
[Result "1-0"]
[WhiteElo "2143"]
[BlackElo "1964"]
[PlyCount "85"]
[EventDate "2016.??.??"]
[WhiteTeam "SG Solingen"]
[BlackTeam "SG Solingen"]

1. e4 e5 2. Nf3 Nc6 3. Bc4 Bc5 4. c3 Nf6 5. d3 O-O 6. O-O d5 7. exd5 Nxd5 8. b4
Be7 9. Re1 Bg4 10. h3 Bh5 11. a4 Bf6 12. g4 Bg6 13. g5 Be7 14. a5 Nf4 15. b5
Nb8 16. Rxe5 Nh5 17. Nh4 Nd7 18. Nxg6 hxg6 19. Rd5 c6 20. Rd4 Bc5 21. Re4 Ng3
22. Rf4 Nf5 23. d4 Bd6 24. Rxf5 gxf5 25. Qh5 Qe7 26. g6 Qe1+ 27. Kg2 Qe4+ 28.
f3 Qc2+ 29. Bd2 Nf6 30. gxf7+ Rxf7 31. Bxf7+ Kf8 32. Qh8+ Kxf7 33. Qxa8 Qd1 34.
Qxb7+ Kg6 35. Kf2 Bg3+ 36. Kxg3 Qg1+ 37. Kf4 Qg5+ 38. Ke5 f4+ 39. Kd6 Qd5+ 40.
Kc7 Ne8+ 41. Kb8 Qd6+ 42. Kxa7 cxb5 43. Qb6 1-0

[Event "Solingen-ch 2016"]
[Site "Solingen"]
[Date "2016.10.07"]
[Round "3.6"]
[White "Rist, Kurt"]
[Black "Görke, Joachim"]
[Result "0-1"]
[WhiteElo "1706"]
[BlackElo "2106"]
[PlyCount "114"]
[EventDate "2016.??.??"]
[WhiteTeam "SG Solingen"]
[BlackTeam "SG Solingen"]

1. Nf3 d5 2. b3 c5 3. Bb2 Nc6 4. e3 Bg4 5. Nc3 e5 6. Ne2 f6 7. h3 Bxf3 8. gxf3
Bd6 9. Ng3 Nh6 10. Rg1 Qe7 11. Nh5 g6 12. Ng3 O-O-O 13. Qe2 Rhe8 14. O-O-O Qc7
15. Kb1 a6 16. Rc1 Kb8 17. c4 d4 18. Ne4 Be7 19. h4 Nf7 20. Bh3 f5 21. Ng5 Bxg5
22. hxg5 Qe7 23. Ba3 b6 24. Bg2 Nxg5 25. Rh1 e4 26. f4 Ne6 27. Rh6 Qd7 28. Rch1
Nf8 29. R1h3 dxe3 30. dxe3 Qd1+ 31. Qxd1 Rxd1+ 32. Kc2 Red8 33. Rh1 R1d2+ 34.
Kc1 Nb4 35. Bxb4 cxb4 36. Kb1 Rxf2 37. Bh3 Rdd2 38. Bxf5 gxf5 39. Rxb6+ Ka7 40.
Rxb4 Rb2+ 41. Kc1 Rxa2 42. Kb1 Rfb2+ 43. Kc1 Ra1+ 44. Kxb2 Rxh1 45. Kc3 Ne6 46.
Ra4 Rd1 47. Ra5 Rd3+ 48. Kb4 Rxe3 49. Rxf5 Rxb3+ 50. Ka4 Rf3 51. Rf7+ Kb8 52.
f5 Nd4 53. f6 e3 54. Ka5 e2 55. Rf8+ Kb7 56. Rf7+ Kc6 57. Re7 Rxf6 0-1

[Event "Solingen-ch 2016"]
[Site "Solingen"]
[Date "2016.10.07"]
[Round "3.7"]
[White "Beyer, Fabian"]
[Black "Skiber, Friedel"]
[Result "1-0"]
[WhiteElo "1963"]
[BlackElo "1727"]
[PlyCount "73"]
[EventDate "2016.??.??"]
[WhiteTeam "SG Solingen"]
[BlackTeam "SG Solingen"]

1. d4 Nf6 2. c4 g6 3. Nc3 Bg7 4. e4 d6 5. f3 O-O 6. Be3 Nc6 7. Bd3 e5 8. d5 Nd4
9. Nge2 Nd7 10. Bxd4 exd4 11. Nb5 c5 12. Nxd6 Ne5 13. Nxc8 Rxc8 14. O-O Nxd3
15. Qxd3 f5 16. Nf4 Qd6 17. Ne6 Rf6 18. Rae1 fxe4 19. fxe4 Rxf1+ 20. Rxf1 Bh6
21. Qf3 Qe7 22. Qg3 a6 23. Kh1 Be3 24. Qg4 Re8 25. h4 b5 26. h5 g5 27. b3 h6
28. Qf3 Qh7 29. Nxc5 Bf4 30. Ne6 bxc4 31. bxc4 Rc8 32. Nxf4 gxf4 33. Qxf4 Qg7
34. d6 Rc5 35. d7 Rxh5+ 36. Kg1 Qxd7 37. Qf8+ 1-0

[Event "Solingen-ch 2016"]
[Site "Solingen"]
[Date "2016.10.07"]
[Round "3.9"]
[White "Bauer, Matthias"]
[Black "Schmuck, Markus"]
[Result "0-1"]
[WhiteElo "1688"]
[BlackElo "1874"]
[PlyCount "94"]
[EventDate "2016.??.??"]
[WhiteTeam "SV Günnigfeld"]
[BlackTeam "SG Solingen"]

1. f4 d5 2. d4 Nf6 3. e3 h6 4. Nf3 Bg4 5. Be2 Nbd7 6. Nbd2 c6 7. O-O Qc7 8. Ne5
Bf5 9. Nxd7 Qxd7 10. Nf3 Bg4 11. Ne5 Bxe2 12. Qxe2 Qc7 13. c4 e6 14. Bd2 O-O-O
15. c5 Ne4 16. Be1 Rg8 17. f5 f6 18. Ng6 e5 19. Qg4 Kb8 20. Bg3 Nxg3 21. Qxg3
Re8 22. Rfe1 a5 23. Rab1 Kc8 24. b4 axb4 25. Nxf8 Rgxf8 26. Rxb4 exd4 27. Qxc7+
Kxc7 28. Reb1 Rb8 29. exd4 Rfe8 30. Kf2 b5 31. R1b3 Ra8 32. Rb2 Ra7 33. R4b3
Re4 34. Re3 Rxd4 35. Re7+ Kb8 36. Re8+ Kb7 37. Re7+ Ka6 38. Rxa7+ Kxa7 39. Re2
Re4 40. Rxe4 dxe4 41. Ke3 Ka6 42. g4 Ka5 43. Kxe4 Ka4 44. h4 Ka3 45. g5 hxg5
46. hxg5 Kxa2 47. gxf6 gxf6 0-1

[Event "Solingen-ch 2016"]
[Site "Solingen"]
[Date "2016.10.07"]
[Round "3.10"]
[White "Falge, Rainer"]
[Black "Bashylina, Luisa"]
[Result "1-0"]
[WhiteElo "1799"]
[BlackElo "1561"]
[PlyCount "61"]
[EventDate "2016.??.??"]
[WhiteTeam "SG Solingen"]
[BlackTeam "SG Solingen"]

1. e4 c5 2. c3 d5 3. exd5 Qxd5 4. Nf3 Nf6 5. h3 a6 6. c4 Qd8 7. Nc3 Nc6 8. Be2
g6 9. d3 Bg7 10. Be3 b6 11. O-O O-O 12. Qd2 Bb7 13. Rab1 Qc7 14. Bf4 e5 15. Bg3
Qe7 16. Qg5 Nd7 17. Rfe1 h6 18. Qd2 Nf6 19. Bd1 Nd7 20. Nd5 Qd8 21. Ba4 Re8 22.
Re2 Nd4 23. Nxd4 Bxd5 24. Nc6 Bxc6 25. Bxc6 Rc8 26. Bd5 Rb8 27. Rbe1 Rc8 28. f4
Qc7 29. Re3 Re7 30. Qe2 Rce8 31. Bh4 1-0

[Event "Solingen-ch 2016"]
[Site "Solingen"]
[Date "2016.10.07"]
[Round "3.11"]
[White "Wallrodt, Alexander"]
[Black "Fränzel, Dr. Marius"]
[Result "0-1"]
[WhiteElo "948"]
[BlackElo "1786"]
[PlyCount "100"]
[EventDate "2016.??.??"]
[WhiteTeam "SG Solingen"]
[BlackTeam "SG Solingen"]

1. e4 e5 2. Nf3 Nc6 3. Nc3 Nf6 4. Bc4 Be7 5. d3 d6 6. Be3 a6 7. d4 Bg4 8. d5
Nb8 9. O-O O-O 10. h3 Bh5 11. Be2 Nbd7 12. Nh4 Bxe2 13. Qxe2 Nxe4 14. Nxe4 Bxh4
15. Qg4 Bf6 16. Nxf6+ Nxf6 17. Qg3 Nxd5 18. Bh6 Qf6 19. Bg5 Qg6 20. Rad1 c6 21.
c4 Nc7 22. Qh4 f6 23. Be3 Rad8 24. Bb6 Rf7 25. Rd2 d5 26. cxd5 Rxd5 27. Rfd1
Rxd2 28. Rxd2 Nd5 29. Ba5 Rd7 30. Qc4 Qf7 31. b3 Kh8 32. a4 f5 33. Bb6 Qf6 34.
Qc5 Nxb6 35. Qxb6 Rxd2 36. Qxb7 Rd1+ 37. Kh2 Qd6 38. g3 Rd2 39. h4 h6 40. Qc8+
Kh7 41. Qxf5+ Qg6 42. Qf3 e4 43. Qe3 Rd3 44. Qe2 Rxb3 45. Qxa6 Rb2 46. Kg1 Qf5
47. Qf1 e3 48. fxe3 Rb1 49. Kh1 Qxf1+ 50. Kh2 Rb2# 0-1

[Event "Solingen-ch 2016"]
[Site "Solingen"]
[Date "2016.10.07"]
[Round "3.12"]
[White "Vranidis, Athanassios"]
[Black "Schubert, Stefan"]
[Result "1-0"]
[WhiteElo "1946"]
[BlackElo "1229"]
[PlyCount "54"]
[EventDate "2016.??.??"]
[WhiteTeam "SG Solingen"]
[BlackTeam "SG Solingen"]

1. d4 d5 2. c4 c6 3. Nf3 Nf6 4. Nc3 e6 5. e3 Be7 6. Qc2 c5 7. Bd3 dxc4 8. Bxc4
Nc6 9. dxc5 Bxc5 10. O-O O-O 11. a3 Re8 12. Rd1 Qc7 13. b4 Bd6 14. Nb5 Bxh2+
15. Nxh2 Qe7 16. Bb2 e5 17. Nd6 Rf8 18. Nf5 Bxf5 19. Qxf5 g6 20. Qg5 Kg7 21.
Ng4 Rae8 22. b5 Nxg4 23. Qxg4 Na5 24. Ba2 b6 25. Rac1 Nb7 26. Rd7 h5 27. Rxe7
hxg4 1-0

[Event "Solingen-ch 2016"]
[Site "Solingen"]
[Date "2016.10.07"]
[Round "3.13"]
[White "Ehringfeld, Michael"]
[Black "Riesen, Peter"]
[Result "0-1"]
[WhiteElo "1588"]
[BlackElo "1686"]
[PlyCount "53"]
[EventDate "2016.??.??"]
[WhiteTeam "SG Solingen"]
[BlackTeam "Klub Kölner SF"]

1. d4 Nf6 2. Nf3 g6 3. c4 Bg7 4. Nc3 d6 5. e4 O-O 6. h3 e5 7. d5 a5 8. a4 Na6
9. Be3 Nh5 10. Be2 f5 11. Bg5 Nf6 12. O-O f4 13. Ne1 h6 14. Bxf6 Qxf6 15. Bg4
Nc5 16. Bxc8 Raxc8 17. Rb1 h5 18. b4 axb4 19. Rxb4 Ra8 20. Nb5 Qf7 21. Nc3 Ra7
22. Nd3 f3 23. g3 Nxd3 24. Qxd3 b6 25. Qe3 Kh7 26. g4 hxg4 27. Qg5 0-1

[Event "Solingen-ch 2016"]
[Site "Solingen"]
[Date "2016.10.07"]
[Round "3.14"]
[White "Schubert, Florian"]
[Black "Barche, Uwe"]
[Result "0-1"]
[WhiteElo "982"]
[BlackElo "1437"]
[PlyCount "56"]
[EventDate "2016.??.??"]
[WhiteTeam "SG Solingen"]
[BlackTeam "SG Solingen"]

1. e4 e6 2. Nf3 d5 3. d3 c5 4. Bf4 dxe4 5. dxe4 Qxd1+ 6. Kxd1 a6 7. Nc3 Nc6 8.
Ne5 Bd6 9. Nd3 Bxf4 10. Nxf4 Nf6 11. Be2 b5 12. a3 Bb7 13. Nd3 Rd8 14. Kc1 Nd7
15. Rd1 O-O 16. b4 c4 17. Nc5 Nxc5 18. Rxd8 Rxd8 19. bxc5 Rc8 20. Kb2 Ne5 21.
Rd1 g6 22. f4 Nc6 23. Rd7 Rb8 24. a4 bxa4 25. Nxa4 Bc8+ 26. Kc3 Bxd7 27. Bxc4
Na5 28. Bxa6 Bxa4 0-1

[Event "Solingen-ch 2016"]
[Site "Solingen"]
[Date "2016.10.07"]
[Round "3.15"]
[White "Wallrodt, Samuel"]
[Black "Fodor, Bernhard"]
[Result "0-1"]
[WhiteElo "921"]
[BlackElo "1281"]
[PlyCount "112"]
[EventDate "2016.??.??"]
[WhiteTeam "SG Solingen"]
[BlackTeam "SG Solingen"]

1. e4 g6 2. d4 e6 3. Bd2 Nf6 4. e5 Ne4 5. Be3 Be7 6. f3 Bh4+ 7. g3 Bxg3+ 8.
hxg3 Nxg3 9. Rh3 Nf5 10. Bf4 c6 11. Ne2 g5 12. Bd2 d6 13. exd6 Qxd6 14. a3 a5
15. Bxg5 e5 16. c3 h6 17. Bh4 exd4 18. Bg3 Qd5 19. cxd4 Ne3 20. Qd3 Qxf3 21.
Bf2 Bxh3 22. Ng1 Ng2+ 23. Kd2 Qxf2+ 24. Qe2+ Qxe2+ 25. Bxe2 Nf4 26. Nc3 Nd7 27.
Re1 O-O-O 28. Ne4 Ne5 29. b4 Rxd4+ 30. Bd3 Nexd3 31. Nf3 Nxe1+ 32. Nxd4 Rd8 33.
Ke3 Neg2+ 34. Kf3 Rxd4 35. Nf2 Ne1+ 36. Ke3 Nc2+ 37. Kf3 axb4 38. axb4 Nxb4 39.
Nxh3 Nxh3 40. Ke3 c5 41. Kf3 Ng5+ 42. Kg3 f5 43. Kf2 Rd3 44. Kg2 f4 45. Kf2 c4
46. Kg2 f3+ 47. Kg3 Ne4+ 48. Kf4 Ng5 49. Kg3 Nd5 50. Kg4 f2 51. Kh4 Rh3+ 52.
Kg4 Nf6+ 53. Kf4 f1=Q+ 54. Ke5 Nd7+ 55. Kd6 Rd3+ 56. Ke7 Qf8# 0-1

[Event "Solingen-ch 2016"]
[Site "Solingen"]
[Date "2016.10.21"]
[Round "4.1"]
[White "Flesch, Dr. Stefan"]
[Black "Kniest, Oliver"]
[Result "1/2-1/2"]
[WhiteElo "2057"]
[BlackElo "2295"]
[PlyCount "67"]
[EventDate "2016.??.??"]
[WhiteTeam "SG Solingen"]
[BlackTeam "SG Solingen"]

1. d4 Nf6 2. c4 e6 3. Nc3 Bb4 4. e3 O-O 5. Bd3 d5 6. Nf3 b6 7. O-O Bb7 8. a3
Bd6 9. b4 dxc4 10. Bxc4 a5 11. b5 Nbd7 12. Bb2 Qe7 13. Ne2 Rad8 14. Ng3 g6 15.
Qe2 e5 16. dxe5 Nxe5 17. Nxe5 Bxe5 18. Rfd1 h5 19. Bxe5 Qxe5 20. Nf1 Ne4 21.
Qc2 Kg7 22. Rac1 Nd6 23. Be2 Rc8 24. Qc3 Rfe8 25. Qd4 Kg8 26. a4 Qg5 27. g3 Re4
28. Qa1 Rb4 29. Rd4 h4 30. Rxb4 axb4 31. Qd4 hxg3 32. hxg3 Qh6 33. Nh2 Nf5 34.
Qe5 1/2-1/2

[Event "Solingen-ch 2016"]
[Site "Solingen"]
[Date "2016.10.21"]
[Round "4.2"]
[White "Zolfagharian, Kevin"]
[Black "Kesseler, Heiko"]
[Result "1-0"]
[WhiteElo "2143"]
[BlackElo "2100"]
[PlyCount "35"]
[EventDate "2016.??.??"]
[WhiteTeam "SG Solingen"]
[BlackTeam "Düsseldorfer SK"]

1. e4 c5 2. Nf3 e6 3. d4 cxd4 4. Nxd4 a6 5. Nc3 Qc7 6. Bd3 Nf6 7. Qe2 d6 8. Bg5
Be7 9. O-O-O b5 10. Nf5 O-O 11. Nxe7+ Qxe7 12. e5 dxe5 13. Qf3 Bb7 14. Bxf6
gxf6 15. Bxh7+ Kg7 16. Qg4+ Kh8 17. Rd3 f5 18. Bxf5 1-0

[Event "Solingen-ch 2016"]
[Site "Solingen"]
[Date "2016.10.21"]
[Round "4.3"]
[White "Görke, Joachim"]
[Black "Falge, Rainer"]
[Result "1/2-1/2"]
[WhiteElo "2106"]
[BlackElo "1799"]
[PlyCount "68"]
[EventDate "2016.??.??"]
[WhiteTeam "SG Solingen"]
[BlackTeam "SG Solingen"]

1. d4 d6 2. c4 Nf6 3. Nc3 g6 4. e4 Bg7 5. f3 O-O 6. Be3 h6 7. Qd2 Kh7 8. Bd3
Nc6 9. Nge2 Nb4 10. Bb1 Na6 11. a3 c6 12. b4 b6 13. O-O Nc7 14. a4 e6 15. a5
Ba6 16. Bd3 Qe7 17. b5 cxb5 18. cxb5 Bb7 19. axb6 axb6 20. Na4 Nd7 21. Rfc1
Rfc8 22. Qb4 Bf8 23. Bf4 Ne8 24. Rxc8 Rxc8 25. Nac3 e5 26. Ra7 Rc7 27. Bg3 exd4
28. Nxd4 Nc5 29. Bb1 Bg7 30. Bf2 Qd7 31. h4 h5 32. Kh2 Be5+ 33. Kg1 Qc8 34.
Nce2 d5 1/2-1/2

[Event "Solingen-ch 2016"]
[Site "Solingen"]
[Date "2016.10.21"]
[Round "4.4"]
[White "Speck, Stefan"]
[Black "Meckel, Helmut"]
[Result "1-0"]
[WhiteElo "1995"]
[BlackElo "1755"]
[PlyCount "99"]
[EventDate "2016.??.??"]
[WhiteTeam "SC Solingen 28"]
[BlackTeam "SG Solingen"]

1. e4 e5 2. Nf3 Nc6 3. Nc3 Bb4 4. Nd5 Bc5 5. c3 Nf6 6. d3 Nxd5 7. exd5 Ne7 8.
Nxe5 d6 9. Nf3 Nxd5 10. d4 Qe7+ 11. Be2 Bb6 12. O-O O-O 13. Re1 Qd7 14. Bd3 h6
15. Bc2 Kh8 16. h3 f5 17. Nh4 Rf6 18. Qh5 Kh7 19. g4 Qf7 20. Qxf7 Rxf7 21. Nxf5
Bxf5 22. Bxf5+ g6 23. Be6 Re7 24. Bd2 Nf6 25. g5 hxg5 26. Bxg5 Rae8 27. Bxf6
Rxe6 28. Kf1 Kg8 29. Bh4 Kf7 30. Rxe6 Rxe6 31. Re1 d5 32. Rxe6 Kxe6 33. Ke2 Kf5
34. a4 c5 35. a5 Bxa5 36. dxc5 g5 37. Bg3 Ke4 38. f3+ Kf5 39. Kd3 Bd8 40. Kd4
Ke6 41. f4 Bf6+ 42. Kd3 Kf5 43. fxg5 Bxg5 44. Bf2 Bc1 45. b3 a5 46. Kd4 Ke6 47.
Be3 Bb2 48. Bd2 Ba3 49. h4 Kf6 50. h5 1-0

[Event "Solingen-ch 2016"]
[Site "Solingen"]
[Date "2016.10.14"]
[Round "4.5"]
[White "Beyer, Fabian"]
[Black "Boschek, Dr. Hans-Joachim"]
[Result "1-0"]
[WhiteElo "1963"]
[BlackElo "1948"]
[PlyCount "95"]
[EventDate "2016.??.??"]
[WhiteTeam "SG Solingen"]
[BlackTeam "SG Solingen"]

1. d4 Nf6 2. c4 e6 3. Nc3 Bb4 4. Qc2 O-O 5. a3 Bxc3+ 6. Qxc3 d5 7. Bg5 b6 8.
cxd5 exd5 9. e3 c5 10. Bxf6 Qxf6 11. dxc5 Qxc3+ 12. bxc3 bxc5 13. Bb5 Bd7 14.
Bxd7 Nxd7 15. O-O-O Nf6 16. Ne2 Rfd8 17. h3 Rac8 18. Kb2 Rd7 19. Ng3 h5 20. h4
Ng4 21. Rhf1 g6 22. Ne2 Ne5 23. Nf4 Rb7+ 24. Ka2 d4 25. Nd5 Rcb8 26. Rb1 d3 27.
Nf6+ Kg7 28. Ne8+ Kf8 29. Nd6 Rxb1 30. Rxb1 Rxb1 31. Kxb1 f5 32. Kc1 Ke7 33.
Nc8+ Ke6 34. Nxa7 Nc4 35. a4 Kd5 36. Nb5 Kc6 37. Na7+ Kb7 38. Nb5 Kb6 39. g3
Ka5 40. Nc7 Kxa4 41. Kd1 Kb3 42. Nd5 Ne5 43. Kd2 c4 44. Kc1 Ng4 45. f3 Nh2 46.
e4 Nxf3 47. exf5 gxf5 48. Kd1 {ZÜ} 1-0

[Event "Solingen-ch 2016"]
[Site "Solingen"]
[Date "2016.10.21"]
[Round "4.6"]
[White "Schmuck, Markus"]
[Black "Zimdars, Wolfgang"]
[Result "1-0"]
[WhiteElo "1874"]
[BlackElo "1611"]
[PlyCount "119"]
[EventDate "2016.??.??"]
[WhiteTeam "SG Solingen"]
[BlackTeam "SG Solingen"]

1. d4 Nf6 2. Nf3 e6 3. e3 d5 4. Bd3 Be7 5. Nbd2 O-O 6. b3 Nbd7 7. Bb2 b6 8. Ne5
Bb7 9. Qe2 a6 10. g4 Ne4 11. O-O-O c5 12. Bxe4 dxe4 13. Nxd7 Qxd7 14. dxc5 Bxc5
15. Nxe4 Qc7 16. f3 Bxe4 17. fxe4 b5 18. Rd3 Rfd8 19. Kb1 Qe7 20. Rhd1 Bb6 21.
a3 Rac8 22. Ka2 Qc7 23. Rc3 Qe7 24. Rxc8 Rxc8 25. Bd4 Bc7 26. Rd2 Rd8 27. Bc3
Rxd2 28. Qxd2 Qd6 29. h3 Qxd2 30. Bxd2 Kf8 31. b4 Ke8 32. Kb3 Kd7 33. c4 Kc6
34. Bc3 f6 35. a4 Bg3 36. g5 Bh4 37. gxf6 gxf6 38. axb5+ axb5 39. Bd4 Bg5 40.
Kc3 Bh4 41. e5 f5 42. Kd3 Be1 43. Bc5 Bg3 44. Bd6 h5 45. cxb5+ Kxb5 46. e4
fxe4+ 47. Kxe4 Kc4 48. Kf3 Be1 49. Be7 Bd2 50. Bd6 Bc3 51. Ke4 Bxb4 52. Bxb4
Kxb4 53. Kf4 Kc4 54. Kg5 Kd4 55. Kf6 Kd5 56. h4 Ke4 57. Kxe6 Kf4 58. Kf6 Kg4
59. e6 Kxh4 60. e7 1-0

[Event "Solingen-ch 2016"]
[Site "Solingen"]
[Date "2016.10.21"]
[Round "4.7"]
[White "Lux, Andreas"]
[Black "Nguyen, Gia Huy Philipp"]
[Result "0-1"]
[WhiteElo "1857"]
[BlackElo "1843"]
[PlyCount "40"]
[EventDate "2016.??.??"]
[WhiteTeam "vereinslos"]
[BlackTeam "SG Solingen"]

1. d4 d5 2. Nf3 Nf6 3. e3 c5 4. c3 e6 5. Bd3 Be7 6. Nbd2 O-O 7. O-O b6 8. e4
Bb7 9. e5 Nfd7 10. Ne1 Ba6 11. f4 Bxd3 12. Nxd3 cxd4 13. cxd4 Nc6 14. Nf3 Re8
15. Be3 Rc8 16. Ng5 h6 17. Qh5 hxg5 18. fxg5 g6 19. Qh4 Nxd4 20. Qxd4 Rc4 0-1

[Event "Solingen-ch 2016"]
[Site "Solingen"]
[Date "2016.10.21"]
[Round "4.8"]
[White "Fränzel, Dr. Marius"]
[Black "Riesen, Peter"]
[Result "1-0"]
[WhiteElo "1786"]
[BlackElo "1686"]
[PlyCount "67"]
[EventDate "2016.??.??"]
[WhiteTeam "SG Solingen"]
[BlackTeam "Klub Kölner SF"]

1. e4 e6 2. d4 d5 3. exd5 exd5 4. c4 Nf6 5. Nf3 Be7 6. Nc3 O-O 7. Be2 dxc4 8.
Bxc4 Nbd7 9. O-O Nb6 10. Bb3 Bg4 11. Qd3 c6 12. Ne5 Bh5 13. Be3 Nbd5 14. a3 Rc8
15. Bg5 Nxc3 16. bxc3 Nd7 17. Bxe7 Qxe7 18. Rfe1 Nxe5 19. Rxe5 Qh4 20. Rae1 Bg6
21. Qf3 b6 22. Re7 a5 23. d5 cxd5 24. Qxd5 Rxc3 25. Rxf7 Rxb3 26. Rxf8+ Kxf8
27. Qxb3 Qf6 28. h3 Bf7 29. Qe3 h6 30. Rb1 Qd6 31. Rxb6 Qd1+ 32. Kh2 a4 33.
Rb8+ Be8 34. Qxe8# 1-0

[Event "Solingen-ch 2016"]
[Site "Solingen"]
[Date "2016.10.21"]
[Round "4.9"]
[White "Borchert, Stephan"]
[Black "Vranidis, Athanassios"]
[Result "1/2-1/2"]
[WhiteElo "1964"]
[BlackElo "1946"]
[PlyCount "103"]
[EventDate "2016.??.??"]
[WhiteTeam "SG Solingen"]
[BlackTeam "SG Solingen"]

1. e4 c5 2. Nf3 d6 3. d4 cxd4 4. Nxd4 Nf6 5. Nc3 a6 6. Bc4 e6 7. Bb3 Be7 8. g4
Nc6 9. g5 Nxd4 10. Qxd4 e5 11. Qd3 Nd7 12. Be3 Nc5 13. Bxc5 dxc5 14. Qf3 O-O
15. h4 Be6 16. Bd5 Qc8 17. Rg1 Rb8 18. O-O-O b5 19. h5 b4 20. Ne2 Bxd5 21. Rxd5
Qe6 22. Qg3 f6 23. g6 h6 24. f4 Rbd8 25. Rgd1 Rxd5 26. exd5 Qd6 27. Qf3 f5 28.
fxe5 Qxe5 29. d6 Bf6 30. Qd5+ Qxd5 31. Rxd5 c4 32. Nd4 Bxd4 33. Rxd4 Rc8 34. d7
Rd8 35. Rxc4 Kf8 36. Rf4 Rxd7 37. Rxf5+ Ke8 38. c3 bxc3 39. bxc3 Rd3 40. Kc2
Rh3 41. c4 Kd7 42. Rf7+ Kc6 43. Rxg7 Rxh5 44. Rh7 Rh3 45. g7 Rg3 46. Rxh6+ Kc5
47. Rxa6 Rxg7 48. Ra4 Rg2+ 49. Kd3 Rg3+ 50. Kd2 Rg4 51. Ra5+ Kb4 52. Rb5+
1/2-1/2

[Event "Solingen-ch 2016"]
[Site "Solingen"]
[Date "2016.10.18"]
[Round "4.10"]
[White "Alexopoulos, Dr. Spiros"]
[Black "Wolf, Wieland"]
[Result "1-0"]
[WhiteElo "1922"]
[BlackElo "1350"]
[PlyCount "29"]
[EventDate "2016.??.??"]
[WhiteTeam "Aachener SV"]
[BlackTeam "SG Solingen"]

1. e4 e6 2. d4 d5 3. Nc3 Bb4 4. Bd2 Nc6 5. Bb5 Nge7 6. Qg4 O-O 7. e5 Ng6 8. h4
Be7 9. h5 Nh4 10. Bh6 Nf5 11. Bxg7 Nxg7 12. h6 Bg5 13. hxg7 Kxg7 14. Bxc6 bxc6
15. f4 1-0

[Event "Solingen-ch 2016"]
[Site "Solingen"]
[Date "2016.10.21"]
[Round "4.11"]
[White "Skiber, Friedel"]
[Black "Barche, Uwe"]
[Result "1-0"]
[WhiteElo "1727"]
[BlackElo "1437"]
[PlyCount "59"]
[EventDate "2016.??.??"]
[WhiteTeam "SG Solingen"]
[BlackTeam "SG Solingen"]

1. e4 e6 2. d4 d5 3. Nc3 Nf6 4. Bg5 Be7 5. f4 Nxe4 6. Bxe7 Qxe7 7. Nf3 Nxc3 8.
bxc3 Nd7 9. Bd3 g6 10. O-O O-O 11. c4 dxc4 12. Bxc4 a6 13. a4 b6 14. Qe1 Qd6
15. Qh4 Kg7 16. Rad1 Bb7 17. Bb3 Bxf3 18. Rxf3 Nf6 19. c4 c6 20. g4 h5 21. g5
Ng8 22. Qf2 Ne7 23. Kg2 Nf5 24. Kh3 Rfd8 25. d5 cxd5 26. cxd5 e5 27. Qb2 Nd4
28. fxe5 Qd7+ 29. e6 fxe6 30. dxe6 1-0

[Event "Solingen-ch 2016"]
[Site "Solingen"]
[Date "2016.10.21"]
[Round "4.12"]
[White "Fodor, Bernhard"]
[Black "Rist, Kurt"]
[Result "0-1"]
[WhiteElo "1281"]
[BlackElo "1706"]
[PlyCount "64"]
[EventDate "2016.??.??"]
[WhiteTeam "SG Solingen"]
[BlackTeam "SG Solingen"]

1. f4 e5 2. d3 Nc6 3. Nf3 Bd6 4. g3 Nf6 5. Nc3 O-O 6. Bg2 Re8 7. O-O Bc5+ 8. e3
exf4 9. gxf4 d5 10. Ne5 Bf5 11. Kh1 Nxe5 12. fxe5 Bg4 13. Bf3 Bh3 14. d4 Bb4
15. exf6 Bxc3 16. bxc3 Bxf1 17. Qxf1 Qxf6 18. Bd2 c6 19. Qe2 Rad8 20. Rf1 Qd6
21. c4 Qa3 22. Bh5 g6 23. Rg1 Qxa2 24. Qd3 dxc4 25. Qc3 Rd5 26. Be2 b5 27. Ra1
b4 28. Rxa2 bxc3 29. Bc1 Rb8 30. Bxc4 Rb1 31. Bxd5 Rxc1+ 32. Kg2 cxd5 0-1